000 00729nam a22001937a 4500
999 _c20400
_d20400
003 AR-CdUCM
008 190530b ||||| |||| 00| 0 spa d
040 _aMUNICIPALIDAD PROVINCIAL DEL CUSCO
_cBIBLIOTECA MUNICIPAL DEL CUSCO
082 _24ed
_a306.485 /
_bH94
100 _aHuneeus, Pablo
_942666
245 _aLa cultura huachaca :
_bo el aporte de la televisión /
260 _aChile :
_bNueva generación,
_c1982.
300 _a160 páginas ;
_c18 cm.
505 _aContenido: La dinámica cultural al llegar la televisión -- El impacto mental de la imagen en la pantalla -- Los imperativos económicos...
650 _aTelevisión
_919396
650 _aCultura
_9126
942 _2ddc
_cLIBROS
945 _adavv
_d2019-05-30